000 00396nam a2200157 a 4500
001 000008367
005 20200929161331.0
008 090916s1995 dr a 000 0 spa d
040 _aDO-SdBNP
082 _axxx
_bR788c
100 1 _aRosado, Leonor
_922584
245 1 0 _aCosmetología moderna.
260 _a[Santo Domingo] :
_b[s.n],
_c199?.
300 _a144 p. :
_bil. ;
_c28 cm.
049 _aBNPD
999 _c8138
_d8138